Loading...
| Beliefs | 7 | 20.00 | 100% | 86% | 14% |
| Fine Arts - Classical Music and Opera | 7 | 12.86 | 71% | 57% | 0% |
| Fine Arts - Other Arts | 3 | 16.67 | 100% | 33% | 33% |
| Geography | 3 | 13.33 | 100% | 0% | 33% |
| History - American | 6 | 13.33 | 100% | 33% | 0% |
| History - Ancient | 5 | 20.00 | 100% | 80% | 20% |
| History - European | 7 | 14.29 | 100% | 43% | 0% |
| History - Other | 4 | 10.00 | 50% | 50% | 0% |
| History - World | 6 | 13.33 | 83% | 33% | 17% |
| Literature - American | 8 | 15.00 | 100% | 50% | 0% |
| Literature - British | 8 | 18.75 | 100% | 75% | 13% |
| Literature - European | 10 | 22.00 | 100% | 90% | 30% |
| Literature - World | 7 | 24.29 | 100% | 100% | 43% |
| Modern World | 4 | 20.00 | 100% | 50% | 50% |
| Other Academic | 1 | 20.00 | 100% | 100% | 0% |
| Philosophy | 6 | 13.33 | 67% | 50% | 17% |
| Science - Biology | 11 | 20.00 | 91% | 82% | 27% |
| Science - Chemistry | 7 | 14.29 | 86% | 43% | 14% |
| Science - Other | 9 | 14.44 | 89% | 56% | 0% |
| Science - Physics | 7 | 14.29 | 100% | 29% | 14% |
| Social Science | 15 | 13.33 | 100% | 33% | 0% |
| Visual Arts | 6 | 21.67 | 100% | 67% | 50% |